The legend of LoneStar Bear : (Record no. 7978)
[ view plain ]
| 000 -LEADER | |
|---|---|
| fixed length control field | 01499nam a22002657a 4500 |
| 001 - CONTROL NUMBER | |
| control field | 7978 |
| 003 - CONTROL NUMBER IDENTIFIER | |
| control field | FISKH |
| 005 - DATE AND TIME OF LATEST TRANSACTION | |
| control field | 20250815151114.0 |
| 008 - FIXED-LENGTH DATA ELEMENTS--GENERAL INFORMATION | |
| fixed length control field | 250815b cb ||||| |||| 00| 0 eng d |
| 020 ## - INTERNATIONAL STANDARD BOOK NUMBER | |
| International Standard Book Number | 0945887086 |
| 040 ## - CATALOGING SOURCE | |
| Original cataloging agency | FISKH |
| Language of cataloging | eng |
| Transcribing agency | FISKH |
| Modifying agency | FISKH |
| 050 ## - LIBRARY OF CONGRESS CALL NUMBER | |
| Classification number | PZ7 |
| 082 ## - DEWEY DECIMAL CLASSIFICATION NUMBER | |
| Classification number | 813 |
| 100 ## - MAIN ENTRY--PERSONAL NAME | |
| Personal name | Kramer, Remi |
| 245 ## - TITLE STATEMENT | |
| Title | The legend of LoneStar Bear : |
| Remainder of title | How LoneStar got his name / |
| Statement of responsibility, etc. | Written and Illustrated by Remi Kramer |
| 260 ## - PUBLICATION, DISTRIBUTION, ETC. | |
| Place of publication, distribution, etc. | Indaho : |
| Name of publisher, distributor, etc. | Northwind Press , |
| Date of publication, distribution, etc. | 1988. |
| 300 ## - PHYSICAL DESCRIPTION | |
| Extent | 55 pages : |
| Other physical details | color illustrations ; |
| Dimensions | 25 cm . |
| 505 ## - FORMATTED CONTENTS NOTE | |
| Formatted contents note | K <br/><br/> |
| 520 ## - SUMMARY, ETC. | |
| Summary, etc. | Willy is just a simple North Idaho bear who wants to do one thing-- go fishing!<br/><br/>But when a letter arrives from his Cousin Travis in Texas, he travels to the Lone Star State and soon finds himself in a mystery that involves visitors from outer space!<br/><br/>With the help of his friend Barney the Raccoon, Willy is determined to get to the bottom of the mystery of the "Green Critters" who have been terrorizing Texas.<br/><br/>What they discover earns Willy the nickname of LoneStar Bear and makes him the most famous bear in Idaho.<br/><br/>This lavishly illustrated book is written with an advanced vocabulary, helping to challenge younger readers and to familiarize advanced readers with new words. Nearly 40 full-color watercolor and pen-and-ink illustrations. |
| 521 8# - TARGET AUDIENCE NOTE | |
| Target audience note | 510 <br/> |
| Source | Lexile estimate <br/> |
| 521 8# - TARGET AUDIENCE NOTE | |
| Target audience note | K <br/> |
| Source | Raz-Plus <br/> |
| 700 ## - ADDED ENTRY--PERSONAL NAME | |
| Personal name | Kramer, Remi |
| Relator term | Illustrator |
| 942 ## - ADDED ENTRY ELEMENTS (KOHA) | |
| Source of classification or shelving scheme | Dewey Decimal Classification |
| Koha item type | Books |
| Suppress in OPAC | No |
| Withdrawn status | Lost status | Source of classification or shelving scheme | Damaged status | Not for loan | Home library | Current library | Shelving location | Date acquired | Total Checkouts | Full call number | Barcode | Date last seen | Price effective from | Koha item type |
|---|---|---|---|---|---|---|---|---|---|---|---|---|---|---|
| Library of Congress Classification | Footprints International School Library Network Toul Tom Poung Campus | Footprints International School Library Network Toul Tom Poung Campus | TTP Primary Yellow Bookshelves | 08/15/2025 | KRA PZ7 813 | 2025-4117 | 08/15/2025 | 08/15/2025 | Books |
